Learn Computer Forensics (Record no. 11865)

MARC details
000 -LEADER
fixed length control field 00427nam a22001817a 4500
003 - CONTROL NUMBER IDENTIFIER
control field OSt
008 - FIXED-LENGTH DATA ELEMENTS--GENERAL INFORMATION
fixed length control field 230309b |||||||| |||| 00| 0 eng d
020 ## - INTERNATIONAL STANDARD BOOK NUMBER
International Standard Book Number 9781803238302
082 ## - DEWEY DECIMAL CLASSIFICATION NUMBER
Classification number 005.8 OEL
100 ## - MAIN ENTRY--PERSONAL NAME
Personal name OETTINGER, William
245 ## - TITLE STATEMENT
Title Learn Computer Forensics
250 ## - EDITION STATEMENT
Edition statement 2nd Ed
260 ## - PUBLICATION, DISTRIBUTION, ETC. (IMPRINT)
Place of publication, distribution, etc New Delhi
Name of publisher, distributor, etc Packet
300 ## - PHYSICAL DESCRIPTION
Extent 411
650 ## - SUBJECT ADDED ENTRY--TOPICAL TERM
Topical term or geographic name as entry element Learn Computer forensics
942 ## - ADDED ENTRY ELEMENTS (KOHA)
Source of classification or shelving scheme Dewey Decimal Classification
Koha item type Text Books
Holdings
Withdrawn status Lost status Source of classification or shelving scheme Damaged status Not for loan Collection code Home library Current library Date acquired Source of acquisition Currency Cost, normal purchase price Bill Number Total Checkouts Full call number Acc. no. / Barcode Date last seen Date last borrowed Actual Cost, discounted price Bill Date Koha item type
    Dewey Decimal Classification     B.Tech(CSE) PIET C-LIBRARY PIET C-LIBRARY 23/02/2023 International Book Centre IN RUPEES 2999.00 IB/IN/223 8 005.8 OEL 34651 05/05/2025 24/04/2025 2369.20 23/02/2023 Text Books
    Dewey Decimal Classification     B.Tech(CSE) PIET C-LIBRARY PIET C-LIBRARY 23/02/2023 International Book Centre IN RUPEES 2999.00 IB/IN/223 3 005.8 OEL 34652 30/08/2025 31/01/2024 2369.20 23/02/2023 Text Books
    Dewey Decimal Classification     B.Tech(CSE) PIET C-LIBRARY PIET C-LIBRARY 23/02/2023 International Book Centre IN RUPEES 2999.00 IB/IN/223   005.8 OEL 34653 09/03/2023   2369.20 23/02/2023 Text Books
    Dewey Decimal Classification     B.Tech(CSE) PIET C-LIBRARY PIET C-LIBRARY 23/02/2023 International Book Centre IN RUPEES 2999.00 IB/IN/223 8 005.8 OEL 34654 24/02/2025 10/02/2025 2369.20 23/02/2023 Text Books
    Dewey Decimal Classification     B.Tech(CSE) PIET C-LIBRARY PIET C-LIBRARY 23/02/2023 International Book Centre IN RUPEES 2999.00 IB/IN/223 3 005.8 OEL 34655 24/05/2023 16/05/2023 2369.20 23/02/2023 Text Books

Design & Developed by: PIET Central Library
R70 Miles Stone Pattikalyana Samalkha Panipat 132102
mail ID :- [email protected], Phone No:- 0180-2569700 Ex.216